Представление документа в формате RUSMARC

Поле Инд. ПП Название Значение
Тип записи a
Библиографический уровень a
001 Контрольный номер c51d14e2a40844e383f382c664e931ca
005 Дата корректировки 20200407131657.1
100 a Данные общей обработки 20180627 ||| 0rusy0189 ca
101 0_ a Язык текста rus
102 a Страна публикации RU
200 1_ f Первые сведения об ответственности Н.И. Кузнецова, С.Э. Мерзляков
a Заглавие Понятие террористической деятельности в современном уголовном праве
210 d Дата издания 2018
461 _0 1 2000
a Закон и право
463 _0 1 2000
a №5
v С. 102-105
1 2101
d 2018
1 0019e3c4cc60f8941ea9d9a6af132952eae
606 a Основная рубрика Право. Юридические науки
x Основная подрубрика Уголовное право
610 0_ a Ключевые слова ТЕРРОР
a Ключевые слова ТЕРРОРИЗМ
700 _1 a Фамилия Кузнецова
b Имя Н.И.
701 _1 a Фамилия Мерзляков
b Имя С.Э.
801 _0 a Страна RU
b Организация РГУП
c Дата составления 20180627
g Правила каталогизации PSBO
801 _1 a Страна RU
b Организация РГУП
c Дата составления 20180627
g Правила каталогизации PSBO
901 t Тип документа b
w Контрольный № источника 9e3c4cc60f8941ea9d9a6af132952eae
905 a Дата ввода 20180627